[Event "Madrid ch Sub-14 2021"]
[Site "Madrid ESP"]
[Date "2021.04.18"]
[Round "3.8"]
[White "Jolani, Parnian"]
[Black "Martinez Garcia, Ruben"]
[Result "0-1"]
[WhiteElo "1394"]
[BlackElo "1651"]
[PlyCount "70"]
[EventDate "2021.04.17"]
[EventType "swiss"]
[EventRounds "5"]
[EventCountry "ESP"]
[SourceTitle "Ajedrez en Madrid"]
[Source "lmi"]
[SourceDate "2021.04.17"]
[SourceVersion "1"]
[SourceVersionDate "2021.04.29"]
[SourceQuality "1"]

1. e4 c5 2. c3 d5 3. exd5 Qxd5 4. d4 Nc6 5. Nf3 e6 6. Be2 Nf6 7. O-O b6 8. Be3
Bb7 9. dxc5 Bxc5 10. Bxc5 Qxc5 11. Nbd2 Rd8 12. Qc2 O-O 13. Nb3 Qe7 14. Rfe1
Nd5 15. Bd3 g6 16. Be4 Nf6 17. Bd3 Rd7 18. Bb5 Rd5 19. Bc4 Rh5 20. h3 Na5 21.
Nxa5 Bxf3 22. gxf3 bxa5 23. Kg2 Qc5 24. Qd3 Qg5+ 25. Kf1 Rxh3 26. Ke2 Nh5 27.
Qe4 Rd8 28. Rg1 Qd2+ 29. Kf1 Rh2 30. Be2 Nf4 31. Qe5 f6 32. Qe4 Kf7 33. Qc4 Rd7
34. Rg3 Nxe2 35. Rh3 Ng3+ 0-1

[Event "Madrid ch Sub-14 2021"]
[Site "Madrid ESP"]
[Date "2021.04.24"]
[Round "4.1"]
[White "Torres Rebolledo, Victor"]
[Black "Cuadrado Carmona, Javier"]
[Result "1-0"]
[WhiteElo "1862"]
[BlackElo "1806"]
[PlyCount "67"]
[EventDate "2021.04.17"]
[EventType "swiss"]
[EventRounds "5"]
[EventCountry "ESP"]
[SourceTitle "Ajedrez en Madrid"]
[Source "lmi"]
[SourceDate "2021.04.17"]
[SourceVersion "1"]
[SourceVersionDate "2021.04.29"]
[SourceQuality "1"]

1. d4 d5 2. c4 e6 3. Nc3 Be7 4. cxd5 exd5 5. Bf4 c6 6. e3 Bf5 7. Nge2 Nf6 8.
Ng3 Be6 9. Bd3 Qd7 10. Qc2 g6 11. h4 h5 12. Be5 Rg8 13. f3 Bd6 14. Bxf6 Bxg3+
15. Kd2 Bd6 16. Rad1 Qc7 17. Bg5 Nd7 18. Kc1 Nb6 19. Kb1 Be7 20. Bf4 Qd7 21.
Qf2 O-O-O 22. Rc1 Nc4 23. Bxc4 dxc4 24. Rhd1 g5 25. hxg5 Bxg5 26. Bxg5 Rxg5 27.
e4 Rdg8 28. d5 cxd5 29. Qxa7 Rxg2 30. Nxd5 Qb5 31. Rxc4+ Qxc4 32. Nb6+ Kc7 33.
Nxc4 Bxc4 34. Qc5+ 1-0

[Event "Madrid ch Sub-14 2021"]
[Site "Madrid ESP"]
[Date "2021.04.24"]
[Round "4.2"]
[White "Centeno Mendoza, Julio Stefano"]
[Black "Calvo Gonzalez, Jose Felix"]
[Result "1-0"]
[WhiteElo "2064"]
[BlackElo "1884"]
[PlyCount "77"]
[EventDate "2021.04.17"]
[EventType "swiss"]
[EventRounds "5"]
[EventCountry "ESP"]
[SourceTitle "Ajedrez en Madrid"]
[Source "lmi"]
[SourceDate "2021.04.17"]
[SourceVersion "1"]
[SourceVersionDate "2021.04.29"]
[SourceQuality "1"]

1. e4 c5 2. c3 d5 3. exd5 Qxd5 4. d4 Nf6 5. Nf3 Nc6 6. Be2 Bf5 7. Na3 O-O-O 8.
dxc5 Qxd1+ 9. Bxd1 Ne4 10. Bc2 e6 11. Bxe4 Bxe4 12. Be3 Bxf3 13. gxf3 Rd5 14.
b4 Rf5 15. Ke2 Be7 16. Nc4 Ne5 17. Nxe5 Rxe5 18. f4 Rf5 19. Rad1 Bf6 20. c4 Re8
21. Rd3 Rd8 22. Ra3 Kb8 23. c6 bxc6 24. Bxa7+ Kb7 25. Be3 Ra8 26. Rxa8 Kxa8 27.
a4 Kb7 28. b5 Bd8 29. b6 Ra5 30. c5 Rxa4 31. Rd1 Bf6 32. Rd7+ Kc8 33. Rxf7 Bd4
34. Rc7+ Kb8 35. Rxc6 Bxe3 36. fxe3 Ra2+ 37. Kf3 Rxh2 38. Rxe6 Rd2 39. c6 1-0

[Event "Madrid ch Sub-14 2021"]
[Site "Madrid ESP"]
[Date "2021.04.24"]
[Round "4.3"]
[White "Garcia Prada, Guillermo"]
[Black "Ruiz Vazquez, Javier"]
[Result "1/2-1/2"]
[WhiteElo "1767"]
[BlackElo "1590"]
[PlyCount "91"]
[EventDate "2021.04.17"]
[EventType "swiss"]
[EventRounds "5"]
[EventCountry "ESP"]
[SourceTitle "Ajedrez en Madrid"]
[Source "lmi"]
[SourceDate "2021.04.17"]
[SourceVersion "1"]
[SourceVersionDate "2021.04.29"]
[SourceQuality "1"]

1. e4 e5 2. Nf3 Nc6 3. d4 exd4 4. Bc4 d6 5. Nxd4 Nf6 6. Nc3 g6 7. O-O Bg7 8.
Nxc6 bxc6 9. Bg5 h6 10. Bh4 g5 11. Bg3 h5 12. h4 Ng4 13. Qf3 Be6 14. Bxe6 fxe6
15. e5 d5 16. Qd3 Rh6 17. Rae1 d4 18. Nd1 Qd5 19. hxg5 Rh8 20. Qg6+ Kf8 21. Re4
Kg8 22. f3 Ne3 23. Nxe3 dxe3 24. Rxe3 h4 25. Rd3 Qc5+ 26. Bf2 Qe7 27. Rfd1 Qe8
28. Qxe8+ Rxe8 29. f4 Kf7 30. Rh3 Rd8 31. Rxd8 Rxd8 32. Bxh4 Rd1+ 33. Kh2 Bf8
34. Rd3 Rc1 35. Rc3 c5 36. Bf2 Ra1 37. Bxc5 Rxa2 38. Bxf8 Kxf8 39. b3 Kf7 40.
Rxc7+ Kg6 41. Kg3 a5 42. Kf3 a4 43. bxa4 Rxa4 44. c4 Ra3+ 45. Kg4 Ra7 46. Rxa7
1/2-1/2

[Event "Madrid ch Sub-14 2021"]
[Site "Madrid ESP"]
[Date "2021.04.24"]
[Round "4.5"]
[White "Bravo De La Vega, Alvaro"]
[Black "Serrano Ruiz, Miguel"]
[Result "1-0"]
[WhiteElo "2011"]
[BlackElo "1702"]
[PlyCount "75"]
[EventDate "2021.04.17"]
[EventType "swiss"]
[EventRounds "5"]
[EventCountry "ESP"]
[SourceTitle "Ajedrez en Madrid"]
[Source "lmi"]
[SourceDate "2021.04.17"]
[SourceVersion "1"]
[SourceVersionDate "2021.04.29"]
[SourceQuality "1"]

1. e4 c5 2. Nf3 e6 3. d4 cxd4 4. Nxd4 a6 5. c4 b6 6. Nc3 Bb7 7. Be3 d6 8. Be2
Nf6 9. f3 Be7 10. O-O O-O 11. Qd2 Nbd7 12. Rfc1 Qc7 13. a4 Rac8 14. a5 bxa5 15.
Nb3 Nb6 16. Rxa5 Nfd7 17. Raa1 Rfd8 18. Na5 Ra8 19. b4 Bf6 20. Rab1 Rab8 21.
Qa2 Rdc8 22. Kh1 h6 23. h3 Be5 24. Nd1 g5 25. c5 Nf6 26. cxb6 Qd7 27. Nxb7 Rxb7
28. Rxc8+ Qxc8 29. Bxa6 Qa8 30. Qa5 Re7 31. b7 Qf8 32. Rc1 Re8 33. Rc8 Nd7 34.
Rxe8 Qxe8 35. Qc7 d5 36. Qc8 Nf6 37. Bb5 Qf8 38. Bc5 1-0

[Event "Madrid ch Sub-14 2021"]
[Site "Madrid ESP"]
[Date "2021.04.24"]
[Round "4.6"]
[White "Horcajuelo Rocamora, Martin"]
[Black "Lopez Herrero, Israel"]
[Result "1-0"]
[WhiteElo "1780"]
[BlackElo "1540"]
[PlyCount "89"]
[EventDate "2021.04.17"]
[EventType "swiss"]
[EventRounds "5"]
[EventCountry "ESP"]
[SourceTitle "Ajedrez en Madrid"]
[Source "lmi"]
[SourceDate "2021.04.17"]
[SourceVersion "1"]
[SourceVersionDate "2021.04.29"]
[SourceQuality "1"]

1. d4 Nf6 2. e3 g6 3. Bd3 Bg7 4. b3 O-O 5. Bb2 d6 6. Nf3 c5 7. O-O Nbd7 8. Nbd2
b6 9. c4 e5 10. Ne4 Nxe4 11. Bxe4 Rb8 12. dxe5 Nxe5 13. Nxe5 dxe5 14. Bd5 Bb7
15. e4 Bxd5 16. cxd5 f5 17. f3 fxe4 18. fxe4 Qh4 19. Qe2 Qe7 20. Rad1 Rxf1+ 21.
Rxf1 Rf8 22. Rxf8+ Qxf8 23. Qg4 c4 24. Qe6+ Kh8 25. d6 cxb3 26. axb3 Qd8 27.
Qe7 Qf8 28. Bxe5 Kg8 29. Qxg7+ Qxg7 30. Bxg7 Kf7 31. Bd4 Ke6 32. e5 g5 33. g4
h6 34. Be3 Kd7 35. h4 gxh4 36. Bxh6 a5 37. g5 b5 38. g6 a4 39. bxa4 b4 40. g7
b3 41. g8=Q b2 42. Qf7+ Kc6 43. Qc7+ Kd5 44. Qb7+ Kxe5 45. d7 1-0

[Event "Madrid ch Sub-14 2021"]
[Site "Madrid ESP"]
[Date "2021.04.24"]
[Round "4.7"]
[White "Martinez Garcia, Ruben"]
[Black "Villarragut Vazquez, Inaki"]
[Result "1-0"]
[WhiteElo "1651"]
[BlackElo "1207"]
[PlyCount "105"]
[EventDate "2021.04.17"]
[EventType "swiss"]
[EventRounds "5"]
[EventCountry "ESP"]
[SourceTitle "Ajedrez en Madrid"]
[Source "lmi"]
[SourceDate "2021.04.17"]
[SourceVersion "1"]
[SourceVersionDate "2021.04.29"]
[SourceQuality "1"]

1. e4 c5 2. d4 cxd4 3. c3 Nf6 4. e5 Nd5 5. Nf3 Nc6 6. cxd4 d6 7. Bc4 Nb6 8. Bb5
a6 9. Bxc6+ bxc6 10. O-O e6 11. Qc2 Bb7 12. Bd2 Nd5 13. Nc3 Nxc3 14. bxc3 Be7
15. Rfe1 O-O 16. exd6 Bxd6 17. Ng5 g6 18. Qe4 Qf6 19. Qh4 Qg7 20. Ne4 Be7 21.
Qxe7 f5 22. Qxg7+ Kxg7 23. Nc5 Bc8 24. Nxe6+ Bxe6 25. Rxe6 Rf6 26. Re7+ Rf7 27.
Bh6+ Kf6 28. Bg5+ Kg7 29. Rae1 Raf8 30. Rxf7+ Rxf7 31. Re7 Rxe7 32. Bxe7 Kf7
33. Bb4 Ke6 34. Kf1 f4 35. Ke2 Kf5 36. Kf3 g5 37. h3 h5 38. g4+ fxg3 39. fxg3
Ke6 40. Ke4 Kf6 41. g4 hxg4 42. hxg4 Ke6 43. c4 Kf6 44. d5 cxd5+ 45. cxd5 Kf7
46. Kf5 a5 47. Bxa5 Ke8 48. Ke6 Kf8 49. d6 Kg8 50. d7 Kg7 51. d8=Q Kh7 52. Kf7
Kh6 53. Qh8# 1-0

[Event "Madrid ch Sub-14 2021"]
[Site "Madrid ESP"]
[Date "2021.04.24"]
[Round "4.8"]
[White "Reyero Castro, Jorge"]
[Black "Jolani, Parnian"]
[Result "0-1"]
[WhiteElo "1520"]
[BlackElo "1394"]
[PlyCount "96"]
[EventDate "2021.04.17"]
[EventType "swiss"]
[EventRounds "5"]
[EventCountry "ESP"]
[SourceTitle "Ajedrez en Madrid"]
[Source "lmi"]
[SourceDate "2021.04.17"]
[SourceVersion "1"]
[SourceVersionDate "2021.04.29"]
[SourceQuality "1"]

1. e4 e6 2. d4 d5 3. exd5 exd5 4. Bd3 c5 5. c3 Nc6 6. Nf3 Nf6 7. Be3 c4 8. Bc2
b5 9. Nbd2 Bd6 10. Qe2 Qe7 11. O-O Bg4 12. Rfe1 O-O 13. h3 Bh5 14. b3 Rfe8 15.
Nf1 Ne4 16. Bd2 b4 17. bxc4 bxc3 18. Bc1 Nxd4 19. Qd3 Nxc2 20. Qxc2 Qf6 21.
cxd5 Bxf3 22. gxf3 Qxf3 23. Re3 Qf5 24. a4 Bc5 25. Re2 Qxd5 26. Be3 Bxe3 27.
Nxe3 Qg5+ 28. Ng2 Qf5 29. f3 Ng3 30. Qxf5 Nxf5 31. Rc2 Nd4 32. Rcc1 Ne2+ 33.
Kf2 Nxc1 34. Rxc1 Rac8 35. Rc2 Red8 36. Ke3 Rd1 37. Ke2 Ra1 38. Ne3 Rxa4 39.
Nd5 Kf8 40. Ne3 Rb4 41. Kd3 Rb2 42. Rxc3 Rxc3+ 43. Kxc3 Rh2 44. Kd3 Rxh3 45.
Ke4 a5 46. Nc2 f5+ 47. Kf4 a4 48. Ke3 g5 0-1

[Event "Madrid ch Sub-14 2021"]
[Site "Madrid ESP"]
[Date "2021.04.25"]
[Round "5.1"]
[White "Ruiz Vazquez, Javier"]
[Black "Torres Rebolledo, Victor"]
[Result "0-1"]
[WhiteElo "1590"]
[BlackElo "1862"]
[PlyCount "104"]
[EventDate "2021.04.17"]
[EventType "swiss"]
[EventRounds "5"]
[EventCountry "ESP"]
[SourceTitle "Ajedrez en Madrid"]
[Source "lmi"]
[SourceDate "2021.04.17"]
[SourceVersion "1"]
[SourceVersionDate "2021.04.29"]
[SourceQuality "1"]

1. e4 c5 2. Ne2 d6 3. g3 Nc6 4. Bg2 g6 5. c3 Bg7 6. d4 cxd4 7. cxd4 Nf6 8. O-O
O-O 9. Nbc3 a6 10. Bg5 Nd7 11. Nd5 h6 12. Bf4 Nb6 13. Ndc3 Bg4 14. h3 Bxe2 15.
Nxe2 Rc8 16. Rc1 d5 17. e5 e6 18. Bd2 Nc4 19. Bc3 b5 20. b3 Nb6 21. Nf4 Nd7 22.
Nd3 Qb6 23. b4 Qb8 24. Nc5 Nxc5 25. bxc5 Qc7 26. Qd2 Ra8 27. a4 Rfb8 28. Rb1
Na7 29. Ba5 Qc6 30. Bb6 bxa4 31. Bxa7 Rxb1 32. Rxb1 Rxa7 33. Rb6 Qc7 34. Qa5
Bf8 35. Qxa4 a5 36. f4 Bxc5 37. Qe8+ Bf8 38. Rb8 Qe7 39. Qxe7 Rxe7 40. Ra8 Rc7
41. Rxa5 Rc4 42. g4 Rxd4 43. f5 Rd1+ 44. Kf2 gxf5 45. gxf5 Rc1 46. Bf3 Rc5 47.
Ra8 d4 48. fxe6 fxe6 49. Ra6 Rxe5 50. Bg4 Kf7 51. Ra7+ Kf6 52. Be2 d3 0-1

[Event "Madrid ch Sub-14 2021"]
[Site "Madrid ESP"]
[Date "2021.04.25"]
[Round "5.2"]
[White "Cuadrado Carmona, Javier"]
[Black "Centeno Mendoza, Julio Stefano"]
[Result "1/2-1/2"]
[WhiteElo "1806"]
[BlackElo "2064"]
[PlyCount "61"]
[EventDate "2021.04.17"]
[EventType "swiss"]
[EventRounds "5"]
[EventCountry "ESP"]
[SourceTitle "Ajedrez en Madrid"]
[Source "lmi"]
[SourceDate "2021.04.17"]
[SourceVersion "1"]
[SourceVersionDate "2021.04.29"]
[SourceQuality "1"]

1. e4 e5 2. Nf3 Nc6 3. Bc4 Bc5 4. c3 Nf6 5. d4 exd4 6. e5 d5 7. Bb5 Ne4 8. cxd4
Bb6 9. Nc3 O-O 10. Be3 Bg4 11. h3 Bf5 12. Qc2 Bg6 13. Qb3 Ne7 14. O-O c6 15.
Be2 Nf5 16. Rfd1 Nxc3 17. bxc3 f6 18. Bf4 fxe5 19. Bxe5 Nh4 20. Bg3 Nxf3+ 21.
Bxf3 Qg5 22. a4 Rac8 23. Bg4 Bf5 24. Bxf5 Qxf5 25. a5 Bc7 26. Qxb7 Bxg3 27.
fxg3 Rb8 28. Qxc6 Rb2 29. Rf1 Rxg2+ 30. Kxg2 Qe4+ 31. Kg1 1/2-1/2

[Event "Madrid ch Sub-14 2021"]
[Site "Madrid ESP"]
[Date "2021.04.25"]
[Round "5.3"]
[White "Calvo Gonzalez, Jose Felix"]
[Black "Bravo De La Vega, Alvaro"]
[Result "1-0"]
[WhiteElo "1884"]
[BlackElo "2011"]
[PlyCount "83"]
[EventDate "2021.04.17"]
[EventType "swiss"]
[EventRounds "5"]
[EventCountry "ESP"]
[SourceTitle "Ajedrez en Madrid"]
[Source "lmi"]
[SourceDate "2021.04.17"]
[SourceVersion "1"]
[SourceVersionDate "2021.04.29"]
[SourceQuality "1"]

1. e4 c5 2. Nf3 d6 3. d4 cxd4 4. Nxd4 Nf6 5. Nc3 a6 6. Bc4 e6 7. Bb3 Nbd7 8.
O-O Nc5 9. Qe2 b5 10. a3 Bb7 11. Bg5 Be7 12. Bxf6 Bxf6 13. Rad1 Qb6 14. Ba2 Rc8
15. Qe3 Nd7 16. Nce2 Ne5 17. c3 Nc4 18. Bxc4 Rxc4 19. Nf5 Qxe3 20. Nxd6+ Ke7
21. fxe3 Rc7 22. e5 Bxe5 23. Rxf7+ Kd8 24. Nxb7+ Kc8 25. Rxc7+ Bxc7 26. Nc5 Bb6
27. Nxe6 Bxe3+ 28. Kf1 Re8 29. N2d4 Re7 30. Re1 Bh6 31. Re2 Rf7+ 32. Ke1 Rf6
33. b3 Bc1 34. a4 bxa4 35. bxa4 Bh6 36. Rf2 Rg6 37. Ke2 Kb7 38. a5 Rg4 39. Rf7+
Kc8 40. Rc7+ Kb8 41. Nc6+ Ka8 42. Ra7# 1-0

[Event "Madrid ch Sub-14 2021"]
[Site "Madrid ESP"]
[Date "2021.04.25"]
[Round "5.4"]
[White "Martinez Garcia, Ruben"]
[Black "Fernandez Rosado, Roberto"]
[Result "0-1"]
[WhiteElo "1651"]
[BlackElo "2074"]
[PlyCount "92"]
[EventDate "2021.04.17"]
[EventType "swiss"]
[EventRounds "5"]
[EventCountry "ESP"]
[SourceTitle "Ajedrez en Madrid"]
[Source "lmi"]
[SourceDate "2021.04.17"]
[SourceVersion "1"]
[SourceVersionDate "2021.04.29"]
[SourceQuality "1"]

1. e4 e5 2. Nf3 Nc6 3. Bc4 Nf6 4. d3 Be7 5. O-O d6 6. a3 O-O 7. b4 a6 8. h3 h6
9. Bb2 Be6 10. Nbd2 Qd7 11. Re1 Rfe8 12. c3 Bf8 13. Qc2 Bxc4 14. Nxc4 Nh5 15.
Rad1 Qe6 16. Bc1 Nf4 17. Bxf4 exf4 18. e5 d5 19. Ncd2 Qf5 20. Nd4 Nxd4 21. cxd4
c6 22. Nf3 g5 23. Nh2 Qg6 24. Ng4 Bg7 25. Nh2 h5 26. Qe2 a5 27. Rb1 axb4 28.
axb4 Ra3 29. Red1 Ra4 30. f3 Bf8 31. Qd2 Rea8 32. Qc3 Ra3 33. Rb3 Ra2 34. Rb2
Rxb2 35. Qxb2 Ra4 36. Qc3 Rxb4 37. Ra1 Rb6 38. Ra8 Kg7 39. Kf2 Ra6 40. Rb8 Ra3
41. Qb2 Qxd3 42. Rxb7 Qe3+ 43. Kf1 Rc3 44. Rxf7+ Kxf7 45. Qb7+ Kg6 46. Qb1+
Qd3+ 0-1

[Event "Madrid ch Sub-14 2021"]
[Site "Madrid ESP"]
[Date "2021.04.25"]
[Round "5.6"]
[White "Serrano Ruiz, Miguel"]
[Black "Garcia Prada, Guillermo"]
[Result "0-1"]
[WhiteElo "1702"]
[BlackElo "1767"]
[PlyCount "118"]
[EventDate "2021.04.17"]
[EventType "swiss"]
[EventRounds "5"]
[EventCountry "ESP"]
[SourceTitle "Ajedrez en Madrid"]
[Source "lmi"]
[SourceDate "2021.04.17"]
[SourceVersion "1"]
[SourceVersionDate "2021.04.29"]
[SourceQuality "1"]

1. e4 c5 2. c3 Nf6 3. e5 Nd5 4. d4 cxd4 5. Qxd4 e6 6. Nf3 Nc6 7. Qe4 f5 8. Qe2
b5 9. g3 a5 10. Nbd2 Be7 11. Bg2 Ba6 12. O-O O-O 13. Rd1 Qc7 14. Nf1 b4 15. c4
Bc5 16. Qc2 Nb6 17. b3 a4 18. Be3 Bxe3 19. Nxe3 Rac8 20. c5 Nxe5 21. cxb6 Nxf3+
22. Bxf3 Qxc2 23. Nxc2 Rxc2 24. Rxd7 Rb8 25. b7 a3 26. Rad1 Bxb7 27. Bxb7 Rxa2
28. Rd8+ Rxd8 29. Rxd8+ Kf7 30. Ra8 Rb2 31. Ra6 Rxb3 32. Bc8 Rb1+ 33. Kg2 Re1
34. Bd7 b3 35. Rxa3 b2 36. Rb3 b1=Q 37. Rxb1 Rxb1 38. h4 Kf6 39. Kf3 Rb3+ 40.
Ke2 h6 41. Ba4 Ra3 42. Bb5 Ke5 43. Bc4 Kd6 44. Bd3 g6 45. Bb1 Ke5 46. Bd3 Kd4
47. Bb5 e5 48. Kf1 e4 49. Be8 Ra6 50. Kg2 Ke5 51. Bb5 Rb6 52. Be8 Kd4 53. h5 g5
54. Bg6 Ke5 55. Be8 f4 56. g4 e3 57. fxe3 fxe3 58. Kf3 Kd4 59. Ba4 Kd3 0-1

[Event "Madrid ch Sub-14 2021"]
[Site "Madrid ESP"]
[Date "2021.04.25"]
[Round "5.8"]
[White "Villarragut Vazquez, Inaki"]
[Black "Reyero Castro, Jorge"]
[Result "1-0"]
[WhiteElo "1207"]
[BlackElo "1520"]
[PlyCount "93"]
[EventDate "2021.04.17"]
[EventType "swiss"]
[EventRounds "5"]
[EventCountry "ESP"]
[SourceTitle "Ajedrez en Madrid"]
[Source "lmi"]
[SourceDate "2021.04.17"]
[SourceVersion "1"]
[SourceVersionDate "2021.04.29"]
[SourceQuality "1"]

1. e4 e5 2. Nf3 Nc6 3. Bb5 Bc5 4. O-O Nge7 5. Nxe5 Nxe5 6. d4 Bd6 7. dxe5 Bxe5
8. f4 Bd6 9. Qg4 Bc5+ 10. Kh1 c6 11. Ba4 d5 12. Qxg7 Rg8 13. Qxh7 Bd7 14. Nc3
Qc7 15. exd5 O-O-O 16. dxc6 Bxc6 17. Bxc6 Qxc6 18. Qe4 Qh6 19. f5 Qh5 20. Qc4
b6 21. Be3 Rg4 22. Qa6+ Kb8 23. Bf4+ Rxf4 24. Rxf4 Bd6 25. Qf1 Nxf5 26. Qf3 Qh6
27. Rf1 Re8 28. g3 Re3 29. Rxf5 Rxf3 30. R1xf3 Bc5 31. Rxf7 Qg6 32. R3f5 Qc6+
33. Nd5 Qe6 34. h4 Qe4+ 35. Kh2 Qxc2+ 36. Kh3 Qxb2 37. h5 Qc1 38. Nf4 a5 39.
Kg4 Qd1+ 40. Kg5 Qd8+ 41. Kg6 Qg8+ 42. Rg7 Qe8+ 43. Kh7 Qe4 44. g4 Be3 45. Kh8
Bc5 46. Rff7 Qd4 47. Ne6 1-0